000 00493pab a2200169 454500
008 180718b2013 xxu||||| |||| 00| 0 eng d
100 _aJangam, Chinnaiah
245 _aThe story of a jailed prince: Feudal roots of democratic politics in Andhra Pradesh
260 _c2013
300 _ap.11-15.
362 _a22 Jun
650 _aAndhra Pradesh - Politics and government
650 _aPolitics and government
773 _aEconomic and Political Weekly
908 _aN
909 _a99549
999 _c99548
_d99548